Harry Potter Logic Puzzle: The Wrath of Filch Quiz Stats

 Plays Quiz not verified by Sporcle

Score 0/25 Timer 20:00
6 Plays Today
# Answer % Correct







C3
???
100%







A3
???
71.2%







B3
???
67.6%







A1
???
65.6%







A5
???
63%







A2
???
58.3%







A4
???
57.4%







E4
???
54.5%







D2
???
42.1%







E1
???
39.1%







D4
???
31.5%







B1
???
30.8%







B4
???
28%
# Answer % Correct







B5
???
26%







D1
???
24.7%







C4
???
24.1%







D5
???
21.3%







D3
???
20.8%







E3
???
19.8%







C1
???
19%







E2
???
17.8%







C5
???
17.2%







E5
???
17.1%







B2
???
17%







C2
???
16.5%

You're not logged in!

Compare scores with friends on all Sporcle quizzes.
OR
Log In

Show Comments

Extras

Top Quizzes Today


Score Distribution

Your Account Isn't Verified!

In order to create a playlist on Sporcle, you need to verify the email address you used during registration. Go to your Sporcle Settings to finish the process.

Report this User

Report this user for behavior that violates our Community Guidelines.

Details: